Quel est le % de personne dans la capitale ? - Statistiques

Statistiques générales
  • Ce quiz a été pris 11 fois
  • Le résultat moyen est 2 sur 15
Statistiques - réponses
Question Réponse % Correct
Brasilia, Brésil 1.4%
100%
Madrid, Espagne 7.2%
100%
Washington D.C, USA 0.15%
0%
Copenhague, Danemark 11.04%
0%
Londres, Royaume Uni 11.11
0%
Tokyo, Japon, (est. 2021) 11.4%
0%
Pékin, Chine (est. 2022) 1.5%
0%
Ottawa, Canada 2.7%
0%
Paris, France 3.197%
0%
Erevan, Arménie 36.5%
0%
Berlin, Allemagne 4.3%
0%
Rome, Italie 4.8%
0%
Kiev, Ukraine (est. 2021) 6.7%
0%
Moscou, Russie 9.1%
0%
Quito, Equateur 9.79%
0%
Aucun quiz correspondant
Distribution des résultats
% des personnes avec chaque résultat
Percentile par nombre de réponses
Votre historique - résultats
Vous n’avez pas pris ce quiz